| 000 | 02927cab a2200337 ab4500 | ||
|---|---|---|---|
| 005 | 20241119125059.0 | ||
| 008 | 991125c2016 ck fr p o 000 0 spa d | ||
| 035 | _aUPN01000229087 | ||
| 040 |
_aMX-MxUPN _bspa _cMX-MxUPN _eaacr2 |
||
| 049 | _aART-E | ||
| 100 | 1 |
_aLópez Rivas, Oscar Hugo _6- ohlvi@yahoo.es |
|
| 100 | 1 | _aRodríguez, Humberto | |
| 245 | 1 | 0 |
_aNelda Graciela Arzú Ramírez (1964…) : _bmaestra garífuna identificada con su pueblo y su cultura |
| 300 | _a223-242 | ||
| 336 | _atexto$2rdacontent | ||
| 337 | _acomputadora$2rdamedia | ||
| 338 | _arecurso en linea$2rdacarrier | ||
| 362 | 0 | _a2016, Vol. 18, no. 27 | |
| 520 | 3 | _aSe presenta la fructífera vida profesional de una maestra que, identificada con la historia de su pueblo y cultura, realiza esfuerzos para su promoción y desarrollo, superando cualquier dificultad en su trayectoria y estableciendo vínculos entre el ejercicio de su profesión y su comunidad. Los esfuerzos de Nelda por conseguir una profesión, le llevaron a elegir, entre las escasas opciones que existían en su municipio, la carrera de maestra; maestra por vocación, para servir a su cultura, que le dio los conceptos y los marcos referenciales para la interpretación de su mundo: la cultura Garífuna. El trabajo surgió en el marco del proyecto de investigación titulado Maestras Africanas y Afrodescendientes en Colombia, Brasil, Guatemala, Venezuela, Guinea Ecuatorial, siglo XX a XXI, liderado por el grupo de investigacion HISULA – UPTC, en una línea de investigación sobre Educadores Latinoamericanos. Se aplicó el método historia de vida, de enfoque cualitativo, llevando a cabo diversas entrevistas a Nelda, personas que le conocen y a familiares. Se realizaron visitas de campo, se conocieron las impresiones sobre su desempeño por parte de las personas que le han conocido. Esta investigación se realizó en el municipio de Puerto Barrios, departamento de Izabal, Guatemala, bajo la coordinación técnica y financiamiento de la Escuela de Formación de Profesores de Enseñanza Media, de la Universidad de San Carlos de Guatemala. Como integrante del pueblo Garífuna, la maestra Nelda ha tenido una proyección sobresaliente influyendo, desde su cosmovisión y como docente, en la vida cultural, política y social de la comunidad, al promover una educación más acorde a la realidad idiomática y cultural de su pueblo. | |
| 541 | _aAcceso gratuito | ||
| 653 | 0 | _aHISTORIA DE LA EDUCACION | |
| 653 | 0 | _aMUJERES DOCENTES | |
| 653 | 0 | _aAFRODESCENDIENTES | |
| 653 | 0 | _aBIOGRAFIAS | |
| 773 |
_gVol. 18, no. 27 (2016), p. 223–242 _tRevista historia de la educación latinoamericana _x2256-5248 |
||
| 856 | 4 | _uhttps://revistas.uptc.edu.co/index.php/historia_educacion_latinamerican/article/view/5530 | |
| 856 | 4 | _uhttps://doi.org/10.19053/01227238.5530 | |
| 902 | _aLeonor Sotres/191124 | ||
| 905 | _aArticulo | ||
| 942 | _cART-E | ||
| 999 |
_c201182 _d201182 |
||